000 00343nam a2200133 i 4500
001 bg
245 0 _aAutomatyzacja procesów wytwórczych :
_bzbiór referatów konferencji naukowo-technicznej.
260 _aRzeszów,
_c1976.
040 _cBPK
041 _apol
080 _a62-5
942 _cKS
008 s pl f |000 0 pol
999 _c27334
_d27334
856 _uhttp://koha.tu.koszalin.pl/cgi-bin/koha/opac-detail.pl?biblionumber=27334
_yKatalog online BPK